书目信息 |
| 题名: |
李商隐诗选
|
|
| 作者: | 李商隐 著 ;刘学锴 , 余恕诚 选注 | |
| 分册: | ||
| 出版信息: | 1986 |
|
| 页数: | 33,345页 | |
| 开本: | 20cm | |
| 丛书名: | 中国古典文学读本丛书 | |
| 单 册: | ||
| 中图分类: | I222.742 , I211 | |
| 科图分类: | ||
| 主题词: | 唐诗--中国--选集 , 唐诗 , 文学--作品集--中国 | |
| 电子资源: | ||
| ISBN: | ||
| 000 | 00778oam2 2200277 450 | |
| 001 | 1537756196 | |
| 005 | 20150128125311.14 | |
| 010 | @dCNY2.80 | |
| 100 | @a19950217e19971986em y0chiy0110 ea | |
| 101 | 0 | @achi |
| 105 | @ay z 000gy | |
| 200 | 1 | @a李商隐诗选@Ali shang yin shi xuan@f(唐)李商隐著@g刘学锴,余恕诚选注 |
| 210 | @d1986@h1997重印 | |
| 215 | @a33,345页@d20cm | |
| 225 | 2 | @a中国古典文学读本丛书 |
| 461 | 0 | @12001 @a中国古典文学读本丛书 |
| 606 | 0 | @a唐诗@y中国@x选集 |
| 606 | 0 | @a唐诗 |
| 606 | 0 | @a文学@x作品集@x中国 |
| 690 | @aI222.742@v3 | |
| 690 | @aI211@v4 | |
| 701 | 0 | @a李商隐@Ali shang yin@4著 |
| 702 | 0 | @a刘学锴@Aliu xue kai@f(1933.8~)@4选注 |
| 702 | 0 | @a余恕诚@Ayu shu cheng@4选注 |
| 801 | 0 | @aCN@bNLC@c20101222 |
| 905 | @aZUCC@dI211@eJY70 | |
| 李商隐诗选/(唐)李商隐著/刘学锴,余恕诚选注.-1986(1997重印) |
| 33,345页;20cm.-(中国古典文学读本丛书) |
| ISBN :CNY2.80 |
| ● |
| 相关链接 |
|
|
|
|
正题名:李商隐诗选
索取号:I211/JY70
 
预约/预借
| 序号 | 登录号 | 条形码 | 馆藏地/架位号 | 状态 | 备注 |
| 1 | 7853937 | 278539379 | 学院路分馆/ [索取号:I211/JY70] | 在馆 | |
| 2 | 7853938 | 278539388 | 学院路分馆/ [索取号:I211/JY70] | 在馆 |